000 00333nam a22001217a 4500
008 230621b xxu||||| |||| 00| 0 eng d
082 _a328.30
_bCPA
100 _cCPA
245 _a1st Commonwealth Parliamentary Conference of Members from Small Countries
_bFiji 1981
260 _aLondon
_bCPA
_c1981
300 _a80p
942 _2ddc
_cBK
999 _c1976
_d1976